Tratamiento de la renta financiera en el impuesto a las ganancias (Registro nro. 19935)

Detalles MARC
000 -LEADER
fixed length control field 00339 a2200109 4500
001 - CONTROL NUMBER
control field ART_40645
005 - DATE AND TIME OF LATEST TRANSACTION
control field 20260410161754.0
008 - FIXED-LENGTH DATA ELEMENTS--GENERAL INFORMATION
fixed length control field 260409a
100 1# - MAIN ENTRY--PERSONAL NAME
Personal name Volman, Mario
245 10 - TITLE STATEMENT
Title Tratamiento de la renta financiera en el impuesto a las ganancias
773 0# - HOST ITEM ENTRY
Title Doctrina tributaria
Related parts - Nº 440 (nov. 2016)
Record control number REV4296

No hay ítems disponibles.